000 01094pam a2200337 a 4500
001 4172
003 FISKH
005 20240625105313.0
008 900321s1991 nyua j 000 1 eng
010 _a 90035171
020 _a0027780090 :
020 _a9780689808869
040 _aDLC
_cDLC
_dDLC
_beng
050 0 0 _aPZ7.R982
082 _a808.068
100 1 _aRylant, Cynthia.
245 1 0 _aHenry and Mudge take the big test /
_cstory by Cynthia Rylant ; pictures by Suçie Stevenson.
250 _aFirst Aladdin Paperback Edition 1996
260 _aNew York :
_bAladdin Paperback,
_c1991.
300 _a40 pages :
_bcolor illustrations ;
_c23 cm
490 _aReady to read
_vLevel 2
505 _aJ
520 _aAfter eight weeks at Papp's Dog School, Henry's dog Mudge earns a certificate and lots of liver treats.
521 8 _a480
_bLexile
521 8 _aJ
_bRaz-Plus
650 1 _aDogs
_xTraining
_xFiction.
700 1 _aStevenson, Suçie,
_eillustrator
906 _a7
_bcbc
_corignew
_d1
_eocip
_f19
_gy-gencatlg
942 _2ddc
_cBK
_n0
999 _c4172
_d4172